Top 20 ćwiczeń Wojfera87 - Statystyki

Ogólne statystyki
  • Ten quiz został rozwiązany 2 razy
  • Średni wynik to 10 z 20
Statystyki odpowiedzi
Odpowiedź % Poprawnych
Martwy ciąg na stole
100%
Pompki z kanapą na plecach
100%
Przysiady ATG
100%
Wyciskanie sztangi na stole
100%
Hip trust kanapą
50%
Kółko z kanapą na plecach
50%
Podciąganie na drążku z pufa na głowie
50%
Podciąganie pod stołem
50%
Pompki na poręczach z fotelem na głowie
50%
Przyciąganie sztangi na stole
50%
Uginanie młotkowe sztangą na krześle
50%
Wiosłowanie sztangą na krześle
50%
Wyciskanie fotela stojąc nad głowe
50%
Wyciskanie francuskie na stole
50%
Wyciskanie pół kanapy naramienne
50%
Wypychanie kanapy nogami
50%
Pompki na rękach przy ścianie
0%
Rozpiętki na pufie
0%
Unoszenie sztangi przodem
0%
Wyprosty tułowia stojąc z fotelem na głowie
0%
Nie znaleziono quizów pasujących do podanych kryteriów
Rozkład punktacji
Procent ludzi z każdym wynikiem
Percentyl według liczby udzielonych odpowiedzi
Twoja historia wyników
Nie rozwiązałeś tego quizu